1282 1041 1285 1087 1976 1961 1997 1777 1015 1894 1371 1647 1146 1910 1166 1158 1356 1000 1465 1237 1662 1511 1769 1727 1413 1851 1918 1288 1398 1298 1057 1014 1656 1054 1102 1563 1489 1422 1361 1042 1770 1559 1389 1752 1045 1353 1506 1516 1382 1284 1862 1248 1920 1608 1820 1054 1543 1276 1461 1721 1078 1609 1441 1747 1696 1307 1878 1907 1226 1077 1164 1635 1746 1640 1940 1714 1434 1602 1448 1699 1380 1700 1562 1055 1120 1833 1265 1993 1378 1219 1993 1335 1255 1301 1287 1846 1005 1926 1151 BCNSPRNW ULIB Ver.6.0+V

เปลี่ยนเป็นภาษาไทย

Change to English
 แสดงรายละเอียดบรรณานุกรม
  กลับหน้าหลัก

Brief Record : Get Marc (ISO 2709) : E-mail record : QR code < ปิดหน้าต่าง
LEADER : 00000nam 2200000uu 4500
001    13399127505
003     ULIB
008    200722s2555||||th 000 0 tha d
020    ^a9786167521961 :^c235 บาท
050    ^aนว.^bว816พ
100  0 ^aวีนัสยา
245  1 ^aพิษรักสิเน่หา /^cวีนัสยา
260    ^aกรุงเทพฯ :^bsimply book-love novels,^c2555
300    ^a336 หน้า
650    ^aนวนิยาย
945    ^p235^l0^i007107
999    ^aประนอม เกษจรัล
รายการนี้ยังไม่มีแท็ก
คุณยังไม่ได้ล็อกอิน คุณสามารถมีกิจกรรมร่วมกับเว็บไซต์ได้ แต่ต้องล็อกอินก่อน ::
  ล็อกอิน

รายการสื่อสารสนเทศ

ลำดับที่ ประเภท เลขเรียก/บาร์โค้ด สถานที่ สถานะ
1. นวนิยาย
นวนิยาย
นว. ว816พ ฉ.1 
  Barcode: 007107
ห้องสมุดวิทยาเขตสวรรค์ประชารักษ์
►หนังสือทั่วไป
บนชั้น

รายการใกล้เคียง
    หัวเรื่อง [นวนิยาย]

BibComment


ยังไม่เคยถูกคอมเมนท์

คอมเมนท์ทรัพยากรรายการนี้
  คอมเมนท์: พิษรักสิเน่หา ว..


 Copyright 2026. Bcnsprnw @Library